000 01585ngm a22003250a 4500
001 PT35953
003 AR-LpoUNG
005 20210202000457.0
007 vd cvaizq
008 191001s2008||||ag |||||||||||||||||spa d
037 _c$7.80
037 _c$8.91
040 _aAR-LpoUNG
_bspa
_cAR-LpoUNG
_eaacr
041 _aspa
044 _aag
082 0 _a982.065 559mat
100 1 _aSchroeder, Esteban
_edir.
245 1 0 _aMatar a todos
260 _aBuenos Aires :
_bSBP,
_c2008.
300 _aDVD (95 min.) : son., col.
505 0 _aHecha en 2007. - Elenco: Claudio Arredondo, Roxana Blanco, Jorge Bolani, Patricio Contreras, Darío Grandinetti, María Izquierdo, Walter Reyno, César Troncoso, Jaime Vadell.
520 _aLa abogada Julia Gudari investiga el secuestro en Uruguay de Berríos, un químico chileno reclamado por la justicia internacional por su vinculación con crímenes perpetrados por el régimen de Pinochet. Todo indica que los militares uruguayos retienen a Berríos para impedir que declare como testigo. Julia, que fue secuestrada y torturada durante la dictadura uruguaya, teme que su padre, el general retirado Gudari, esté involucrado en el caso Berríos, y su hermano, que también es militar, le niega información. En medio de la presión y las amenazas, Julia entiende que, si quiere acceder a la verdad, tendrá que revisar su pasado para sanar sus heridas y superar sus miedos.
650 4 _aDRAMA
651 4 _aArgentina
653 _aCINE ARGENTINO
653 _aDVD
653 _aVIDEOS
905 _a35953
942 _cDVD
999 _c54924
_d54924